| 000 | 00384nam a2200157 4500 | ||
|---|---|---|---|
| 003 | SEACOMEC | ||
| 005 | 20240618154020.0 | ||
| 008 | 240618b |||||||| |||| 00| 0 eng d | ||
| 020 | _c210.00 | ||
| 040 | _aSEACOMEC | ||
| 082 |
_a621.362 _bK89 |
||
| 100 | _a Rekha, Krathi | ||
| 245 |
_aDigital communication _c Krathi Rekha, |
||
| 260 |
_aHyderabad _bScitech _c2003 |
||
| 942 | _cBOOK | ||
| 999 |
_c1345 _d1345 |
||